[Event "7.Open inter.Ch.of Vojvodina 2016"]
[Site "Novi Sad - Master Centar, Hajd"]
[Date "2016.07.20"]
[Round "8.18"]
[White "Pecelj, Nedeljko"]
[Black "Saric, Sinisa"]
[Result "0-1"]
[WhiteElo "2169"]
[BlackElo "2435"]
[PlyCount "94"]
[EventDate "2016.07.15"]

1. Nf3 Nf6 2. g3 g6 3. Bg2 Bg7 4. c4 c5 5. Nc3 O-O 6. O-O d5 7. cxd5 Nxd5 8.
Nxd5 Qxd5 9. d3 Nc6 10. Be3 Bd7 11. Nd4 Qd6 12. Nxc6 Bxc6 13. Bxc6 Qxc6 14. Qc2
b6 15. Rac1 Qe6 16. b3 Rfd8 17. Qc4 Rd5 18. h3 Rad8 19. Kg2 Qd7 20. Qe4 Be5 21.
Rc4 Kg7 22. f4 f5 23. Qf3 Bf6 24. Rfc1 h5 25. b4 cxb4 26. Rxb4 Ra5 27. Rc2 Rc8
28. Rxc8 Qxc8 29. Rc4 Qd7 30. Qa8 Rxa2 31. Kf3 b5 32. Rc8 Kh7 33. Rc5 b4 34.
Re5 Bxe5 35. fxe5 Rc2 36. Qf8 Qe6 37. d4 Rc8 38. Qh6+ Kg8 39. Kf2 Rd8 40. Bg5
Rd7 41. d5 Rxd5 42. Bf6 exf6 43. Qxg6+ Kf8 44. exf6 Qf7 45. Qh6+ Kg8 46. Qg5+
Kh7 47. e4 fxe4 0-1

[Event "7.Open inter.Ch.of Vojvodina 2016"]
[Site "Novi Sad - Master Centar, Hajd"]
[Date "2016.07.20"]
[Round "8.19"]
[White "Djoric, Hadzi Goran"]
[Black "Brajic, Miloje"]
[Result "0-1"]
[WhiteElo "2129"]
[BlackElo "2238"]
[PlyCount "50"]
[EventDate "2016.07.15"]

1. d4 Nf6 2. Nf3 e6 3. h3 c5 4. e3 Nc6 5. a3 d5 6. b3 Bd6 7. Bb2 cxd4 8. exd4
O-O 9. Bd3 Qc7 10. O-O e5 11. dxe5 Nxe5 12. Nxe5 Bxe5 13. Bxe5 Qxe5 14. Nd2 Re8
15. Qf3 Ne4 16. Rad1 Bf5 17. Qe3 Qf6 18. Qf3 Qg5 19. Nb1 Re6 20. Rfe1 Rh6 21.
Kf1 Rf6 22. Qe3 Qxe3 23. Rxe3 Nxf2 24. Kxf2 Bxd3+ 25. Kg1 Bxc2 0-1

[Event "7.Open inter.Ch.of Vojvodina 2016"]
[Site "Novi Sad - Master Centar, Hajd"]
[Date "2016.07.20"]
[Round "8.20"]
[White "Kovacevic, Sinisa"]
[Black "Kecskemeti, Arpad"]
[Result "1/2-1/2"]
[WhiteElo "2229"]
[BlackElo "2120"]
[PlyCount "94"]
[EventDate "2016.07.15"]

1. d4 Nf6 2. Nf3 g6 3. c4 Bg7 4. g3 O-O 5. Bg2 d6 6. Nc3 Nbd7 7. O-O c6 8. e4
e5 9. h3 Qe7 10. Re1 Ne8 11. Bg5 f6 12. Be3 f5 13. exf5 gxf5 14. Bg5 Qf7 15.
dxe5 dxe5 16. Qd2 e4 17. Nh4 Ne5 18. b3 Qc7 19. Bf4 Be6 20. Rad1 Nf6 21. Qd6
Qxd6 22. Rxd6 Nd3 23. Rxd3 exd3 24. Rxe6 Nh5 25. Bd2 Bd4 26. Nf3 Bb6 27. Ne5
Rad8 28. Bg5 Rfe8 29. Rxe8+ Rxe8 30. Nxd3 Nxg3 31. c5 Ba5 32. b4 Ne4 33. bxa5
Nxg5 34. a6 bxa6 35. Bxc6 Rd8 36. Bd5+ Kf8 37. Ne5 Nxh3+ 38. Kh2 Nxf2 39. c6
Ke7 40. c7 Rc8 41. Bb7 Rxc7 42. Nd5+ Kd6 43. Nxc7 Kxc7 44. Bxa6 Kb6 45. Bc8 Ne4
46. Bxf5 Nc3 47. Be6 Ka5 1/2-1/2

[Event "7.Open inter.Ch.of Vojvodina 2016"]
[Site "Novi Sad - Master Centar, Hajd"]
[Date "2016.07.21"]
[Round "9.1"]
[White "Atalik, Suat"]
[Black "Dobrov, Vladimir"]
[Result "1/2-1/2"]
[WhiteElo "2564"]
[BlackElo "2505"]
[PlyCount "98"]
[EventDate "2016.07.15"]

1. d4 Nf6 2. Nf3 g6 3. c4 Bg7 4. g3 O-O 5. Bg2 c6 6. O-O d5 7. b3 dxc4 8. bxc4
c5 9. Bb2 Qb6 10. Qb3 Nfd7 11. e3 Nc6 12. Nc3 Na5 13. Nd5 Qd8 14. Qc2 e6 15.
Nf4 Re8 16. Rfd1 Qb6 17. Nd3 Qc7 18. Rac1 Rb8 19. dxc5 Nxc5 20. Nxc5 Qxc5 21.
Bd4 Qc7 22. Qb2 Bxd4 23. exd4 Nxc4 24. Qb5 Nd6 25. Qc5 Qe7 26. Qxa7 Bd7 27. Qb6
Rec8 28. Ne5 Ba4 29. Re1 Be8 30. Qb4 Rxc1 31. Rxc1 Rd8 32. Qb6 Nb5 33. Qxb7 Qa3
34. Rc8 Nd6 35. Rxd8 Qc1+ 36. Bf1 Nxb7 37. Rxe8+ Kg7 38. Re7 Nd6 39. Rd7 Qa3
40. Be2 Qb4 41. Kg2 Kg8 42. Bf3 Nf5 43. Be4 Nd6 44. Bf3 Qa3 45. d5 exd5 46.
Nxf7 Ne4 47. Nh6+ Kf8 48. Rxd5 Nf6 49. Rd4 Qxa2 1/2-1/2

[Event "7.Open inter.Ch.of Vojvodina 2016"]
[Site "Novi Sad - Master Centar, Hajd"]
[Date "2016.07.21"]
[Round "9.2"]
[White "Kovacevic, Aleksandar"]
[Black "Pikula, Dejan"]
[Result "0-1"]
[WhiteElo "2515"]
[BlackElo "2434"]
[PlyCount "38"]
[EventDate "2016.07.15"]

1. e4 d6 2. d4 Nf6 3. Nc3 e5 4. Nf3 Nbd7 5. Bc4 Be7 6. O-O O-O 7. a4 c6 8. a5
Rb8 9. Qe2 exd4 10. Nxd4 Ne5 11. Bf4 Qc7 12. Bb3 b5 13. axb6 axb6 14. Bg3 b5
15. f4 Ng6 16. e5 b4 17. Nxc6 bxc3 18. exf6 Bxf6 19. Nxb8 cxb2 0-1

[Event "7.Open inter.Ch.of Vojvodina 2016"]
[Site "Novi Sad - Master Centar, Hajd"]
[Date "2016.07.21"]
[Round "9.3"]
[White "Kumic, Filip"]
[Black "Dimitrov, Vladimir"]
[Result "1/2-1/2"]
[WhiteElo "2312"]
[BlackElo "2413"]
[PlyCount "73"]
[EventDate "2016.07.15"]

1. d4 Nf6 2. c4 e6 3. Nc3 Bb4 4. e3 O-O 5. Nf3 d5 6. Bd3 c5 7. O-O Nc6 8. a3
Bxc3 9. bxc3 dxc4 10. Bxc4 Qc7 11. h3 e5 12. Bb2 Bf5 13. Qe2 Rad8 14. Bb5 e4
15. Nd2 Bg6 16. Rfc1 Rd5 17. c4 Rg5 18. Bxc6 bxc6 19. Kh1 Bh5 20. Qf1 Re8 21.
dxc5 Nd7 22. Bd4 Nxc5 23. Bxc5 Rxc5 24. Qe1 h6 25. Nf1 Rb8 26. Ng3 Bg6 27. Qc3
Qe5 28. Qxe5 Rxe5 29. Rab1 Rxb1 30. Rxb1 Rc5 31. Rb8+ Kh7 32. Rb7 a5 33. Ra7 f6
34. Kg1 Rxc4 35. Rxa5 Rc1+ 36. Kh2 Rc2 37. Kg1 1/2-1/2

[Event "7.Open inter.Ch.of Vojvodina 2016"]
[Site "Novi Sad - Master Centar, Hajd"]
[Date "2016.07.21"]
[Round "9.4"]
[White "Minko, Vladimir"]
[Black "Obodchuk, Andrei"]
[Result "1/2-1/2"]
[WhiteElo "2379"]
[BlackElo "2395"]
[PlyCount "63"]
[EventDate "2016.07.15"]

1. d4 Nf6 2. c4 g6 3. g3 Bg7 4. Bg2 d5 5. cxd5 Nxd5 6. Nf3 Nb6 7. Nc3 Nc6 8. e3
O-O 9. O-O Re8 10. Nh4 e5 11. d5 Nb4 12. e4 c6 13. Qb3 Nd3 14. Be3 Nf4 15. gxf4
Qxh4 16. fxe5 Rxe5 17. Ne2 cxd5 18. exd5 Nc4 19. Bf4 Rxe2 20. Qxc4 Rxb2 21. Qc7
Bf5 22. Rac1 Bh6 23. Bxh6 Qxh6 24. d6 Bh3 25. Bxh3 Qxh3 26. d7 Qg4+ 27. Kh1
Qf3+ 28. Kg1 Rd2 29. Qc8+ Kg7 30. Qxa8 Qg4+ 31. Kh1 Qf3+ 32. Kg1 1/2-1/2

[Event "7.Open inter.Ch.of.Vojvodina 2016"]
[Site "Novi Sad - Master Centar, Hajd"]
[Date "2016.07.21"]
[Round "9.5"]
[White "Drazic, Sinisa"]
[Black "Marholev, Dimitar"]
[Result "1-0"]
[WhiteElo "2402"]
[BlackElo "2244"]
[PlyCount "73"]
[EventDate "2016.07.15"]

1. e4 Nf6 2. e5 Nd5 3. d4 d6 4. Nf3 Bg4 5. Be2 c6 6. c4 Nc7 7. Ng5 Bxe2 8. Qxe2
h6 9. Nf3 d5 10. Nc3 e6 11. a3 Nd7 12. c5 Be7 13. O-O O-O 14. Bf4 Re8 15. Rfe1
Nf8 16. g3 Bg5 17. Bxg5 hxg5 18. h4 gxh4 19. Nxh4 Qg5 20. Kg2 Ng6 21. Nxg6 Qxg6
22. Rh1 f5 23. Rh5 Kf7 24. Rah1 Ke7 25. Qe3 Rg8 26. Ne2 Qf7 27. Rh7 Rae8 28.
Qg5+ Kd7 29. b4 Kc8 30. a4 a6 31. Nf4 Kb8 32. R1h5 Re7 33. Qh4 Ka7 34. Rg5 Qe8
35. Rg6 Qf8 36. Qg5 Ne8 37. Nxe6 1-0

[Event "7.Open inter.Ch.of Vojvodina 2016"]
[Site "Novi Sad - Master Centar, Hajd"]
[Date "2016.07.21"]
[Round "9.6"]
[White "Blazeka, Matej"]
[Black "Lundin, Jan"]
[Result "0-1"]
[WhiteElo "2328"]
[BlackElo "2237"]
[PlyCount "80"]
[EventDate "2016.07.15"]

1. e4 c6 2. d4 d5 3. Nc3 dxe4 4. Nxe4 Bf5 5. Ng3 Bg6 6. Nh3 e6 7. Nf4 Qh4 8. c3
Nd7 9. Qf3 Ngf6 10. Nxg6 hxg6 11. Ne2 Bd6 12. g3 Qg4 13. Bg2 Qf5 14. Qxf5 gxf5
15. Bf4 Ke7 16. a4 a5 17. Bxd6+ Kxd6 18. Nf4 Rae8 19. Nd3 e5 20. O-O exd4 21.
cxd4 Re2 22. Rfd1 Ng4 23. h3 Ngf6 24. Rac1 Ne4 25. g4 Ndf6 26. gxf5 Ng5 27. Kf1
Re7 28. Ne5 Nxh3 29. Nc4+ Kc7 30. Nxa5 Nf4 31. Nc4 Ng4 32. Ne3 Nh2+ 33. Ke1
Nxg2+ 34. Kd2 Nf4 35. Kc2 Rd8 36. Kb3 Nd5 37. Re1 Nf4 38. Red1 Red7 39. Rc4 Nf3
40. Nc2 Ne2 0-1

[Event "7.Open inter.Ch.of Vojvodina 2016"]
[Site "Novi Sad - Master Centar, Hajd"]
[Date "2016.07.21"]
[Round "9.7"]
[White "Todorovic, Nenad I"]
[Black "Chekletsov, Ilya"]
[Result "1-0"]
[WhiteElo "2306"]
[BlackElo "2223"]
[PlyCount "79"]
[EventDate "2016.07.15"]

1. e4 e5 2. Nf3 Nf6 3. Nxe5 Qe7 4. d4 Nc6 5. Nf3 Nxe4 6. Be2 d5 7. O-O Bg4 8.
c4 dxc4 9. Nc3 O-O-O 10. Be3 Nxc3 11. bxc3 Be6 12. Rb1 Qa3 13. Ng5 Bd5 14. Bg4+
Kb8 15. Bf3 f6 16. Bxd5 Rxd5 17. Qf3 Qa5 18. Ne6 b6 19. Bf4 Bd6 20. Nc5 Ne7 21.
Rfe1 Rd8 22. Bxd6 cxd6 23. Ne6 Rd7 24. Nxg7 Rg5 25. Qxf6 Qd5 26. g3 Nc8 27. Ne6
Rf5 28. Nf4 Qa5 29. Qe6 Rg7 30. Kh1 Rc7 31. a4 Rff7 32. Nd5 Rxf2 33. Rb5 Qxa4
34. Nxc7 Qa2 35. Rh5 Kxc7 36. Rxh7+ Kb8 37. Rh8 Qa6 38. Qxd6+ Ka8 39. Qc6+ Kb8
40. Rxc8+ 1-0

[Event "7.Open inter.Ch.of Vojvodina 2016"]
[Site "Novi Sad - Master Centar, Hajd"]
[Date "2016.07.21"]
[Round "9.8"]
[White "Fang, Yuxiang"]
[Black "Paramzina, Anastasya"]
[Result "1-0"]
[WhiteElo "2494"]
[BlackElo "2140"]
[PlyCount "73"]
[EventDate "2016.07.15"]

1. c4 e6 2. Nc3 Nf6 3. Nf3 Bb4 4. d4 Bxc3+ 5. bxc3 c5 6. g3 Nc6 7. Bg2 d6 8.
O-O e5 9. dxe5 dxe5 10. Qxd8+ Kxd8 11. Ng5 Be6 12. Nxe6+ fxe6 13. Be3 Nd7 14.
Bxc6 bxc6 15. Rfd1 Kc7 16. Rd2 Rhd8 17. Rad1 a5 18. Bg5 Nf6 19. Bxf6 gxf6 20.
Rxd8 Rxd8 21. Rxd8 Kxd8 22. Kg2 Ke7 23. Kh3 Kf7 24. Kh4 Kg6 25. e4 h5 26. f3 f5
27. h3 Kh6 28. g4 hxg4 29. hxg4 Kg6 30. g5 a4 31. a3 f4 32. Kg4 Kg7 33. Kh5 Kh7
34. g6+ Kg8 35. Kg4 Kf8 36. Kh4 Kg8 37. Kh5 1-0

[Event "7.Open inter.Ch.of Vojvodina 2016"]
[Site "Novi Sad - Master Centar, Hajd"]
[Date "2016.07.21"]
[Round "9.9"]
[White "Brajic, Miloje"]
[Black "Markovic, Miroslav"]
[Result "1/2-1/2"]
[WhiteElo "2238"]
[BlackElo "2469"]
[PlyCount "112"]
[EventDate "2016.07.15"]

1. e4 c6 2. d4 Na6 3. Nf3 g6 4. Be3 Nc7 5. Qd2 Nf6 6. Nc3 d6 7. O-O-O b5 8. Bd3
Ng4 9. e5 Nxe3 10. Qxe3 d5 11. Ng5 h6 12. Nf3 Bg4 13. Ne2 Ne6 14. Nf4 Nxf4 15.
Qxf4 Bxf3 16. Qxf3 e6 17. h4 Be7 18. Qh3 Qb6 19. Kb1 Kd7 20. c3 a5 21. f4 h5
22. Rhf1 Rab8 23. f5 gxf5 24. Bxf5 b4 25. Bc2 Rhf8 26. Ba4 Kd8 27. Rf4 c5 28.
c4 cxd4 29. Rfxd4 Bc5 30. Rxd5+ Kc8 31. Rd7 f6 32. exf6 Rxf6 33. Qd3 Rf8 34.
Rh7 Rb7 35. Rxh5 Kb8 36. Qe4 Ka7 37. Re5 Rf6 38. g4 Rbf7 39. Rg5 Rf4 40. Qe5
Bf8 41. Qxa5+ Qxa5 42. Rxa5+ Kb6 43. Re5 Rxg4 44. Rxe6+ Kc7 45. h5 Rg2 46. h6
Rh2 47. Be8 Rff2 48. Ka1 Rxb2 49. Rd7+ Kb8 50. Rb6+ Kc8 51. Rc6+ Kb8 52. Rb6+
Kc8 53. Ra6 Kb8 54. Rb6+ Kc8 55. Rc6+ Kb8 56. Rb6+ Kc8 1/2-1/2

[Event "7.Open inter.Ch.of Vojvodina 2016"]
[Site "Novi Sad - Master Centar, Hajd"]
[Date "2016.07.21"]
[Round "9.11"]
[White "Rogac, Srdjan"]
[Black "Dronjic, Sinisa"]
[Result "1/2-1/2"]
[WhiteElo "2408"]
[BlackElo "2194"]
[PlyCount "102"]
[EventDate "2016.07.15"]

1. e4 c5 2. c3 Nf6 3. e5 Nd5 4. g3 d6 5. exd6 e6 6. Bg2 Bxd6 7. Nf3 Nc6 8. O-O
O-O 9. d4 cxd4 10. Nxd4 Nxd4 11. Qxd4 Qc7 12. Nd2 Bd7 13. Ne4 Bb5 14. Re1 Be7
15. a4 Bc4 16. Bg5 f6 17. Nd2 fxg5 18. Qxc4 Qxc4 19. Nxc4 Bc5 20. Re2 a6 21.
Rf1 Rf6 22. Ne5 Rd8 23. Ng4 Rf5 24. Rxe6 Nc7 25. Re5 Rxe5 26. Nxe5 b5 27. b4
Re8 28. Nc6 Bd6 29. Rd1 Re6 30. axb5 axb5 31. Bd5 Nxd5 32. Rxd5 Bxg3 33. Nd4
Re1+ 34. Kg2 Bf4 35. Rxb5 g4 36. Rd5 Rb1 37. Ne6 Bh6 38. Rd4 Rb3 39. Rd3 Rb2
40. Nd4 Bd2 41. Kf1 Bf4 42. Kg1 h5 43. h3 gxh3 44. Rxh3 Bd2 45. Kf1 g5 46. Rd3
g4 47. Ne2 h4 48. Rd4 g3 49. fxg3 hxg3 50. Rc4 g2+ 51. Kf2 Bxc3 1/2-1/2

[Event "7.Open inter.Ch.of Vojvodina 2016"]
[Site "Novi Sad - Master Centar, Hajd"]
[Date "2016.07.21"]
[Round "9.12"]
[White "Leskur, Dejan"]
[Black "Jocev, Milan"]
[Result "1-0"]
[WhiteElo "2392"]
[BlackElo "2181"]
[PlyCount "79"]
[EventDate "2016.07.15"]

1. d4 Nf6 2. Nf3 g6 3. Bg5 Bg7 4. Nbd2 d5 5. e3 O-O 6. c3 h6 7. Bh4 Bf5 8. h3
Nbd7 9. Qb3 b6 10. c4 c5 11. cxd5 cxd4 12. exd4 g5 13. Bg3 Ne4 14. Nxe4 Bxe4
15. Nd2 Nf6 16. Nxe4 Nxe4 17. O-O-O a5 18. Bb5 Nxg3 19. fxg3 Qd6 20. Kb1 Rac8
21. Rhf1 Qb4 22. Qxb4 axb4 23. d6 exd6 24. Rf3 d5 25. Rb3 Rfd8 26. Rxb4 Rd6 27.
Rf1 Rf6 28. Rxf6 Bxf6 29. Bd7 Rc4 30. Rxb6 Bxd4 31. Rb5 Be3 32. a4 d4 33. Rd5
Rc1+ 34. Ka2 Rc2 35. a5 Rc7 36. a6 Kf8 37. b4 Ke7 38. b5 Ra7 39. Bc8 Ra8 40.
Bb7 1-0

[Event "7.Open inter.Ch.of Vojvodina 2016"]
[Site "Novi Sad - Master Centar, Hajd"]
[Date "2016.07.21"]
[Round "9.13"]
[White "Jovic, Stevan"]
[Black "Sredojevic, Ivan"]
[Result "0-1"]
[WhiteElo "2143"]
[BlackElo "2342"]
[PlyCount "74"]
[EventDate "2016.07.15"]

1. d4 Nf6 2. c4 e6 3. Nc3 d5 4. Nf3 Be7 5. Bf4 O-O 6. h3 b6 7. cxd5 exd5 8. e3
Bb7 9. Bd3 Nbd7 10. O-O c6 11. Rc1 Re8 12. Bb1 Rc8 13. Ne5 g6 14. Bh2 c5 15. f4
cxd4 16. exd4 Ne4 17. Nxe4 Rxc1 18. Qxc1 dxe4 19. Nc6 Bxc6 20. Qxc6 e3 21. Qc4
Bh4 22. Bd3 Bf2+ 23. Kh1 Nf6 24. Bg1 Ng4 25. Be2 Bxg1 26. Bxg4 Bf2 27. d5 Qf6
28. b3 h5 29. Be2 Rd8 30. a4 Qf5 31. Rd1 Rc8 32. Qa6 Rc2 33. d6 Rd2 34. Qc4 Bg3
35. Rxd2 exd2 36. Bd1 Bxf4 37. d7 Bg5 0-1

[Event "7.Open inter.Ch.of Vojvodina 2016"]
[Site "Novi Sad - Master Centar, Hajd"]
[Date "2016.07.21"]
[Round "9.14"]
[White "Tisma, Ivan"]
[Black "Besedes, Danilo"]
[Result "1/2-1/2"]
[WhiteElo "2212"]
[BlackElo "2306"]
[PlyCount "24"]
[EventDate "2016.07.15"]

1. Nf3 Nf6 2. c4 e6 3. g3 d5 4. Bg2 Be7 5. O-O O-O 6. d4 dxc4 7. Ne5 c5 8. dxc5
Qc7 9. Nxc4 Bxc5 10. Be3 Bxe3 11. Nxe3 Bd7 12. Nd2 Bc6 1/2-1/2

[Event "7.Open inter.Ch.of Vojvodina 2016"]
[Site "Novi Sad - Master Centar, Hajd"]
[Date "2016.07.21"]
[Round "9.15"]
[White "Adamov, Ivan"]
[Black "Kovacevic, Sinisa"]
[Result "1-0"]
[WhiteElo "2086"]
[BlackElo "2229"]
[PlyCount "55"]
[EventDate "2016.07.15"]

1. e4 e6 2. d4 d5 3. Nc3 Bb4 4. e5 c5 5. a3 Bxc3+ 6. bxc3 Ne7 7. Qg4 O-O 8. Bd3
Nbc6 9. Nf3 f6 10. h4 Qa5 11. Bd2 Qa4 12. Bh6 Rf7 13. exf6 e5 14. Qg5 e4 15.
Bxg7 exd3 16. Bh6+ Kh8 17. fxe7 Bf5 18. O-O cxd4 19. cxd4 Re8 20. Rae1 dxc2 21.
Bf8 Nxd4 22. Ne5 Rfxf8 23. exf8=Q+ Rxf8 24. Re3 Ne6 25. Qe7 Qe8 26. Qxe8 Rxe8
27. Nf7+ Kg8 28. Nh6+ 1-0

[Event "7.Open inter.Ch.of Vojvodina 2016"]
[Site "Novi Sad - Master Centar, Hajd"]
[Date "2016.07.21"]
[Round "9.17"]
[White "Kostic, Marko"]
[Black "Pastar, Slaven"]
[Result "0-1"]
[WhiteElo "2016"]
[BlackElo "2244"]
[PlyCount "89"]
[EventDate "2016.07.15"]

1. d4 d5 2. Bf4 Nf6 3. e3 c5 4. c3 Nc6 5. h3 Qb6 6. Qc1 Bf5 7. Nf3 Rc8 8. dxc5
Qxc5 9. Nbd2 Nb4 10. Nb3 Qb6 11. Nbd4 Bd3 12. Qd2 Bxf1 13. Kxf1 Qa6+ 14. Kg1
Ne4 15. Qe2 Qxe2 16. Nxe2 Nd3 17. Bg3 e6 18. Ne1 Nxb2 19. Rb1 Na4 20. Rxb7 Bc5
21. Rb8 O-O 22. Rxc8 Rxc8 23. Be5 f6 24. Bd4 e5 25. Bxc5 Rxc5 26. Nd3 Rc4 27.
Kh2 Nexc3 28. Nxc3 Nxc3 29. a3 Ra4 30. Ra1 Kf7 31. Nb2 Ra5 32. a4 Ke6 33. Rc1
d4 34. g3 Nxa4 35. Ra1 Nxb2 36. Rxa5 d3 37. Ra6+ Kd5 38. Rxa7 Kc4 39. Rc7+ Kb3
40. Rxg7 d2 41. Rd7 d1=Q 42. Rxd1 Nxd1 43. Kg2 Kc3 44. g4 Kd3 45. Kf3 0-1

[Event "7.Open inter.Ch.of Vojvodina 2016"]
[Site "Novi Sad - Master Centar, Hajd"]
[Date "2016.07.21"]
[Round "9.18"]
[White "Titov, Ivan"]
[Black "Kovacevic, Goran B"]
[Result "1-0"]
[WhiteElo "2218"]
[BlackElo "2108"]
[PlyCount "33"]
[EventDate "2016.07.15"]

1. e4 c5 2. d4 cxd4 3. c3 dxc3 4. Nxc3 Nc6 5. Nf3 g6 6. Bc4 Bg7 7. e5 d6 8. Qb3
e6 9. exd6 Qxd6 10. O-O a6 11. Ne4 Qc7 12. Qa3 Bf8 13. Qc3 e5 14. Nfg5 Be6 15.
Nxe6 fxe6 16. Bxe6 Qe7 17. Bxg8 1-0

[Event "7.Open inter.Ch.of Vojvodina 2016"]
[Site "Novi Sad - Master Centar, Hajd"]
[Date "2016.07.21"]
[Round "9.19"]
[White "Sertbay, Huseyin"]
[Black "Ujhazi, Ivan"]
[Result "1/2-1/2"]
[WhiteElo "2014"]
[BlackElo "2212"]
[PlyCount "72"]
[EventDate "2016.07.15"]

1. d4 d5 2. c4 e6 3. Nc3 c6 4. e4 dxe4 5. Nxe4 Bb4+ 6. Bd2 Bxd2+ 7. Qxd2 Nf6 8.
Nxf6+ Qxf6 9. Nf3 Nd7 10. Qb4 Qe7 11. Qc3 O-O 12. Bd3 c5 13. dxc5 Nxc5 14. Bc2
b6 15. O-O Bb7 16. Rfe1 Rad8 17. Re3 Qf6 18. Ne5 Qg5 19. Rg3 Qd2 20. Re1 Qxc3
21. Rxc3 Rd2 22. b4 Ne4 23. Bxe4 Bxe4 24. a3 f6 25. Ng4 Rc8 26. Ne3 a5 27. bxa5
bxa5 28. c5 Rd3 29. Rxd3 Bxd3 30. Rc1 Kf7 31. Rc3 Bb5 32. f4 g6 33. Kf2 h5 34.
Nc4 Bxc4 35. Rxc4 Ke7 36. Ke3 Kd7 1/2-1/2

[Event "7.Open inter.Ch.of.Vojvodina 2016"]
[Site "Novi Sad - Master Centar, Hajd"]
[Date "2016.07.21"]
[Round "9.20"]
[White "Nemec, Vjekoslav"]
[Black "Manojlovic, Sava"]
[Result "1-0"]
[WhiteElo "2181"]
[BlackElo "2097"]
[PlyCount "61"]
[EventDate "2016.07.15"]

1. c4 Nf6 2. Nc3 g6 3. Nf3 Bg7 4. g3 d6 5. Bg2 O-O 6. O-O c6 7. Rb1 a5 8. a3 d5
9. cxd5 Nxd5 10. d4 Bf5 11. e4 Nxc3 12. bxc3 Bxe4 13. Rxb7 c5 14. Rb2 Nc6 15.
Re1 Bd5 16. Rb5 e6 17. Rxc5 Re8 18. c4 Bxf3 19. Qxf3 Nxd4 20. Qxa8 Qxa8 21.
Bxa8 Rxa8 22. Kg2 Bf8 23. Rc7 a4 24. Rd1 e5 25. Bb2 Ne6 26. Rb7 Nc5 27. Rb5 f6
28. Bc3 Rc8 29. Bb4 e4 30. Rd5 Ne6 31. Bxf8 1-0